| LDR | | 03356cmm u2200637Mi 4500 |
| 001 | | 000000309507 |
| 003 | | OCoLC |
| 005 | | 20230525134150 |
| 006 | | m o d |
| 007 | | cr |n||||||||| |
| 008 | | 141103s2015 enka ob 001 0 eng d |
| 020 | |
▼a 0857009400
▼q (electronic bk.) |
| 020 | |
▼a 9780857009401
▼q (electronic bk.) |
| 020 | |
▼a 9781849055208 |
| 020 | |
▼a 1849055203 |
| 029 | 1 |
▼a AU@
▼b 000056092449 |
| 035 | |
▼a (OCoLC)908992945 |
| 037 | |
▼a 783896
▼b MIL |
| 040 | |
▼a IDEBK
▼b eng
▼e rda
▼e pn
▼c IDEBK
▼d OCLCO
▼d CDX
▼d YDXCP
▼d E7B
▼d N$T
▼d OCLCF
▼d OCLCQ
▼d UAB
▼d ALSTP
▼d OCLCQ
▼d MERUC
▼d 248032 |
| 043 | |
▼a e-uk-en
▼a e-uk-wl |
| 049 | |
▼a MAIN |
| 050 | 4 |
▼a KD737
▼b .G73 2015eb |
| 060 | 4 |
▼a W 33 FE5 |
| 072 | 7 |
▼a LAW
▼x 001000
▼2 bisacsh |
| 082 | 04 |
▼a 344.42044
▼2 23 |
| 100 | 1 |
▼a Graham, Matthew,
▼d 1971-,
▼e author. |
| 245 | 12 |
▼a A practical guide to the Mental Capacity Act 2005 :
▼b putting the principles of the act into practice /
▼c Matthew Graham and Jakki Cowley ; foreword by Alex Ruck Keene. |
| 264 | 1 |
▼a London ;
▼a Philadelphia :
▼b Jessica Kingsley Publishers,
▼c 2015. |
| 300 | |
▼a 1 online resource (192 pages) :
▼b illustrations |
| 336 | |
▼a text
▼b txt
▼2 rdacontent |
| 337 | |
▼a computer
▼b c
▼2 rdamedia |
| 338 | |
▼a online resource
▼b cr
▼2 rdacarrier |
| 504 | |
▼a Includes bibliographical references (pages 186-187) and index. |
| 505 | 0 |
▼a A New Culture of Care -- Maximizing Capacity -- Assessing Capacity -- Advocacy and Empowerment -- Advance Care Planning -- Best Interests -- Liberty and Choice. |
| 520 | |
▼a This book provides a theory-to-practice breakdown of the Mental Capacity Act 2005 and what its implications are for health and social care workers. Informative and accessible, it provides a clear depiction of the ethos behind the Act and offers instruction for its effective, lawful and person-centred application. This practical guide describes how to assess capacity and what a good assessment of capacity should look like, how to deal with conflicts and dilemmas, and the role of legal authority in decision-making. A Practical Guide to the Mental Capacity Act 2005 is an invaluable resource for any health and social care professionals working with individuals who lack decision-making capacity. |
| 588 | 0 |
▼a Print version record. |
| 590 | |
▼a eBooks on EBSCOhost
▼b All EBSCO eBooks |
| 610 | 10 |
▼a Great Britain.
▼t Mental Capacity Act 2005. |
| 630 | 07 |
▼a Mental Capacity Act 2005 (Great Britain)
▼2 fast
▼0 (OCoLC)fst01402654 |
| 650 | 7 |
▼a LAW
▼x Administrative Law & Regulatory Practice.
▼2 bisacsh |
| 650 | 12 |
▼a Mental Competency
▼x legislation & jurisprudence. |
| 650 | 22 |
▼a Decision Making. |
| 650 | 22 |
▼a Informed Consent
▼x legislation & jurisprudence. |
| 651 | 2 |
▼a England. |
| 651 | 2 |
▼a Wales. |
| 655 | 4 |
▼a Electronic books. |
| 700 | 1 |
▼a Cowley, Jacqueline,
▼e author. |
| 700 | 1 |
▼a Keene, Alex Ruck,
▼e writer of foreword. |
| 776 | 08 |
▼i Print version:
▼z 9780857009401
▼w (DLC) 2014043204 |
| 856 | 40 |
▼u http://search.ebscohost.com/login.aspx?direct=true&scope=site&db=nlebk&AN=980881 |
| 938 | |
▼a Alexander Street
▼b ALSP
▼n ASP3368548/swon |
| 938 | |
▼a Coutts Information Services
▼b COUT
▼n 31564900 |
| 938 | |
▼a ebrary
▼b EBRY
▼n ebr11056667 |
| 938 | |
▼a EBSCOhost
▼b EBSC
▼n 980881 |
| 938 | |
▼a ProQuest MyiLibrary Digital eBook Collection
▼b IDEB
▼n cis31564900 |
| 938 | |
▼a YBP Library Services
▼b YANK
▼n 12420455 |
| 990 | |
▼a 관리자 |